|
|
|
|
| LEADER |
00000nab a2200000 a 4500 |
| 001 |
vtls009186284 |
| 003 |
SK-MaSNL |
| 005 |
20260304152015.0 |
| 008 |
250506c2008 xo mr|p|||||||000 b|slo |
| 015 |
|
|
|a SNBRB2008/02
|2 snkbucl
|
| 035 |
|
|
|a (uuid)e6477e9c-ba24-47af-838f-89aba1461e8e
|
| 035 |
|
|
|a urn:nbn:sk:snk-ab11v9
|
| 035 |
|
|
|a (urnnbn)urn:nbn:sk:snk:ar-003kwf
|
| 038 |
|
|
|a SNKBUCL
|
| 040 |
|
|
|a SNKBUCL
|b slo
|c SNKBUCL
|e AACR2
|
| 041 |
0 |
|
|a slo
|
| 044 |
|
|
|a xo
|c SK
|
| 080 |
|
|
|a 34:061.3
|2 2001
|
| 100 |
1 |
|
|a Kirstová, Katarína,
|d 1950-
|4 aut
|9 219398
|
| 245 |
1 |
0 |
|a IX. Lubyho právnické dni
|c Katarína Kirstová
|
| 246 |
3 |
|
|a Deviate Lubyho právnické dni
|
| 611 |
2 |
7 |
|a Lubyho právnické dni
|n (9. :
|d 2007 :
|c Smolenice, Slovensko)
|2 snkbucl
|9 114491
|
| 650 |
0 |
7 |
|a právnické dni
|2 snkbucl
|9 1473906
|
| 655 |
|
7 |
|2 snkbucl
|
| 773 |
0 |
|
|t Justičná revue
|g Roč. 60, č. 1 (2008), s. 142-145
|x 1335-6461
|
| 850 |
|
|
|a Slovenská národná knižnica
|
| 852 |
|
|
|a Slovenská národná knižnica
|
| 954 |
|
|
|a odborná, vedecká literatúra pôvodná (slovenská)
|2 lita
|
| 958 |
|
|
|a article27
|
| 958 |
|
|
|a OND
|
| 958 |
|
|
|a SK
|
| 958 |
|
|
|a EUIPO
|
| 999 |
|
|
|c 2946814
|d 2948744
|